Bailey & Love's short practice of surgery/ volume 1 (Record no. 2265)

000 -LEADER
fixed length control field 00585nam a22001937a 4500
005 - DATE AND TIME OF LATEST TRANSACTION
control field 20241223111536.0
008 - FIXED-LENGTH DATA ELEMENTS--GENERAL INFORMATION
fixed length control field 241223b ||||| |||| 00| 0 eng d
020 ## - INTERNATIONAL STANDARD BOOK NUMBER
International Standard Book Number 9781032452494
040 ## - CATALOGING SOURCE
Transcribing agency KWIU
041 ## - LANGUAGE CODE
Language code of text/sound track or separate title ENG
080 ## - UNIVERSAL DECIMAL CLASSIFICATION NUMBER
Universal Decimal Classification number 617
Item number B-16
100 1# - MAIN ENTRY--PERSONAL NAME
9 (RLIN) 1443
Personal name O'Connell, P. Ronan
245 ## - TITLE STATEMENT
Title Bailey & Love's short practice of surgery/ volume 1
Statement of responsibility, etc. / [ed.by] Professor P. Ronan O'Connell, Professor Andrew W. McCaskie, Professor Robert D. Sayers.
250 ## - EDITION STATEMENT
Edition statement 28th
260 ## - PUBLICATION, DISTRIBUTION, ETC.
Name of publisher, distributor, etc. SRC Press;
Date of publication, distribution, etc. 2023
300 ## - PHYSICAL DESCRIPTION
Extent 1673p.
650 #0 - SUBJECT ADDED ENTRY--TOPICAL TERM
Source of heading or term Surgical Procedures
9 (RLIN) 1445
942 ## - ADDED ENTRY ELEMENTS (KOHA)
Source of classification or shelving scheme
Koha item type Books
Holdings
Withdrawn status Lost status Source of classification or shelving scheme Damaged status Not for loan Permanent location Current location Date acquired Inventory number Total Checkouts Full call number Barcode Date last seen Price effective from Koha item type
          Ken Walker International University Ken Walker International University 12/23/2024 2605   617 B-16 2605 12/23/2024 12/23/2024 Books

Powered by Koha